[Event "Belgrade Trophy 35th"]
[Site "Belgrade"]
[Date "2021.12.02"]
[Round "9"]
[White "Novakovic, Dimitrije"]
[Black "Bjeletic, Zeljko"]
[Result "1/2-1/2"]
[WhiteElo "1009"]
[BlackElo "1603"]
[PlyCount "31"]
[EventDate "2021.11.24"]
[EventType "swiss"]
[EventRounds "9"]
[EventCountry "SRB"]
[SourceTitle "EXT 2023"]
[Source "ChessBase"]
[SourceDate "2022.10.05"]
[SourceVersion "1"]
[SourceVersionDate "2022.10.05"]
[SourceQuality "1"]

1. d4 e6 2. c4 f5 3. Nc3 Nf6 4. g3 d5 5. Bg2 c6 6. Nf3 Bb4 7. Qb3 Bxc3+ 8. bxc3 0-0 9. Bf4 b6 10. Bxb8 Rxb8 11. Ne5 Bb7 12. 0-0 Nd7 13. Nd3 Ba6 14. cxd5 exd5 15. Qa3 Bxd3 16. exd3 1/2-1/2

[Event "Belgrade Trophy 35th"]
[Site "Belgrade"]
[Date "2021.11.26"]
[Round "3"]
[White "Ilic, Mihajlo Lj"]
[Black "Bjeletic, Zeljko"]
[Result "0-1"]
[WhiteElo "1015"]
[BlackElo "1603"]
[PlyCount "70"]
[EventDate "2021.11.24"]
[EventType "swiss"]
[EventRounds "9"]
[EventCountry "SRB"]
[SourceTitle "CBM 205 Extra"]
[Source "ChessBase"]
[SourceDate "2022.01.31"]
[SourceVersion "1"]
[SourceVersionDate "2022.01.31"]
[SourceQuality "1"]

1. d4 Nf6 2. Nf3 g6 3. Bf4 Bg7 4. Nbd2 0-0 5. e3 d6 6. Be2 c5 7. c3 b6 8. 0-0 Bb7 9. h3 Nbd7 10. Re1 d5 11. Rc1 c4 12. Qc2 b5 13. Ne5 Ne4 14. Nxd7 Qxd7 15. Nxe4 dxe4 16. b3 Rfc8 17. bxc4 bxc4 18. Qb2 Bd5 19. Red1 e6 20. Rb1 h6 21. Qc2 g5 22. Bg3 f5 23. f3 Qc6 24. Rf1 Rf8 25. Qd2 Rf7 26. Rb8+ Rxb8 27. Bxb8 Rb7 28. Bg3 exf3 29. Bxf3 Bxf3 30. Rxf3 Qe4 31. Rf1 a5 32. Rd1 Rb1 33. Rxb1 Qxb1+ 34. Kh2 Qb5 35. Qc2 a4 0-1

[Event "Belgrade Trophy 34th"]
[Site "Belgrade"]
[Date "2020.11.26"]
[Round "3"]
[White "Petrovic, Petar"]
[Black "Bjeletic, Zeljko"]
[Result "1-0"]
[WhiteElo "1956"]
[BlackElo "1564"]
[PlyCount "105"]
[EventDate "2020.11.24"]
[EventType "swiss"]
[EventRounds "9"]
[EventCountry "SRB"]
[SourceTitle "CBM 199 Extra"]
[Source "ChessBase"]
[SourceDate "2021.01.31"]
[SourceVersion "1"]
[SourceVersionDate "2021.01.31"]
[SourceQuality "1"]

1. e4 c6 2. c4 d5 3. exd5 cxd5 4. d4 Nf6 5. Nc3 Nc6 6. Nf3 Bg4 7. cxd5 Nxd5 8. Be2 e6 9. 0-0 Be7 10. h3 Bh5 11. Qa4 0-0 12. Rd1 Bf6 13. Ne4 Be7 14. a3 a6 15. Ng3 Bg6 16. Ne5 Nxe5 17. dxe5 b5 18. Qb3 Qb8 19. f4 Qb6+ 20. Kh2 Bh4 21. Bf3 Rac8 22. Ne4 Rc4 23. Nd6 Bc2 24. Nxc4 Bxb3 25. Nxb6 Bxd1 26. Bxd5 exd5 27. g3 Bd8 28. Nxd5 Bf3 29. Ne3 Bb6 30. g4 Rd8 31. Kg3 Bb7 32. a4 Rd3 33. Ra3 Rxa3 34. bxa3 Bxe3 35. Bxe3 bxa4 36. Bc5 Bd5 37. f5 g6 38. Kf4 Kg7 39. Bd4 Kg8 40. Kg5 Bg2 41. h4 Bf3 42. Bc5 Kg7 43. Bd4 h6+ 44. Kf4 Bd5 45. e6+ Kf8 46. Ke5 fxe6 47. fxg6 Bf3 48. Kf4 Be2 49. h5 Kg8 50. Kg3 Bd3 51. g5 hxg5 52. Kg4 Be2+ 53. Kxg5 1-0

[Event "Belgrade Trophy 34th"]
[Site "Belgrade"]
[Date "2020.11.25"]
[Round "2"]
[White "Bjeletic, Zeljko"]
[Black "Kocyigit, Buse Naz"]
[Result "0-1"]
[WhiteElo "1564"]
[BlackElo "2030"]
[PlyCount "137"]
[EventDate "2020.11.24"]
[EventType "swiss"]
[EventRounds "9"]
[EventCountry "SRB"]
[SourceTitle "CBM 199 Extra"]
[Source "ChessBase"]
[SourceDate "2021.01.31"]
[SourceVersion "1"]
[SourceVersionDate "2021.01.31"]
[SourceQuality "1"]

1. c4 Nf6 2. Nc3 g6 3. Nf3 Bg7 4. g3 0-0 5. Bg2 d6 6. 0-0 c6 7. d4 Qa5 8. Bd2 Qh5 9. Qc2 e5 10. dxe5 dxe5 11. Rad1 Re8 12. Bg5 Bf5 13. Qb3 Nbd7 14. Rfe1 e4 15. Bxf6 Nxf6 16. Nd4 Ng4 17. h3 Nh6 18. g4 Bxg4 19. hxg4 Nxg4 20. Nxe4 Rxe4 21. Nf3 Re7 22. Rd3 Rae8 23. Qc2 Qc5 24. e3 f5 25. Red1 f4 26. b4 Qxb4 27. Bh3 Ne5 28. Nxe5 Rxe5 29. Rd8 fxe3 30. Rxe8+ Rxe8 31. fxe3 Qc5 32. Kh1 Qxe3 33. Qg2 Qc3 34. Qf1 Qf6 35. Qd3 Qh4 36. Kg1 Be5 37. Kg2 Qg5+ 38. Kh1 Qf4 39. Rd2 Bc7 40. Re2 Rxe2 41. Qxe2 Qe5 42. Qc2 Qa1+ 43. Kg2 Qe1 44. Qd3 Qe5 45. a3 Qh2+ 46. Kf1 Qf4+ 47. Ke2 Qe5+ 48. Kf1 Bb6 49. Qd7 Qf4+ 50. Ke1 Qc1+ 51. Ke2 Qxc4+ 52. Ke1 Qc1+ 53. Ke2 Qe3+ 54. Kd1 Qd4+ 55. Qxd4 Bxd4 56. Ke2 Kf7 57. Bc8 b6 58. Bd7 c5 59. Bb5 Ke6 60. Bc4+ Ke5 61. Kf3 Kf5 62. Bg8 h5 63. Bd5 g5 64. Bf7 g4+ 65. Kg3 Kg5 66. Be8 h4+ 67. Kg2 c4 68. Bb5 c3 69. Bd3 0-1